000 00681nam a2200217Ia 4500
003 GCL
008 140319s9999 xx 000 0 ara d
040 _aGCL /
_cGCL
082 0 4 _a370.1
_bم ت
100 1 _aمحمد احمد الغنام
245 1 0 _aالتربية الجديدة /
_cمحمد احمد الغنام
700 1 _aفايلر، هانز
700 1 _aطاهر عبدالرزاق
700 1 _aمحمد نبيل الوقاد
700 1 _aاندره سماك
300 _a168 ص
490 _aالهيئة العامة للاستعلامات
_v0
650 0 4 _aالتخطيط التربوى
650 0 4 _aالتربية - دوريات
942 _2ddc
_cBK
999 _c50192
_d50192